000 00777nam a22001817a 4500
999 _c61413
_d61413
005 20240307155017.0
008 240307s1998 ru ||||| |||| 00| 0 rus d
020 _a5728100872
041 _arus
080 _a008(100)(042.4) И-89
245 _aИстория мировой культуры: Наследие Запада:
_bАнтичность. Средневековье. Возрождение /
264 _aМосква,
_c1998.
300 _a429 с.
_b23 см.
653 _aმსოფლიო კულტურის ისტორია
653 _aდასავლეთის მემკვიდრეობა
653 _aანტიკურობა. Შუა საუკუნეები. რენესანსი
942 _2udc
_cBK